000 00920nam a22002651u 4500
001 12631
003 HDC
007 cr bn ---
008 210209p2001 my eng
040 _aHDC
100 _aMooi, Kok Chee,
_eauthor
_913385
245 0 _aEffect of bed size and spacing on sweetpotato yield /
_cby Mooi Kok Chee and Tan Swee Lian
260 _aSerdang :
_bMalaysian Agricultural Research and Development Institute (MARDI),
_c2001
300 _a1 page
336 _atext
_2rdacontent
337 _acomputer
_2rdamedia
338 _aonline resource
_2rdacarrier
650 _aBed size
_913386
650 _aSize grades
_913387
650 _aSweetpotato
_912618
856 _zRequest full-text at [email protected]
942 _2lcc
942 _cAR
942 _kJART 003179
999 _c9954
_d9954